Distritos industriales turísticos en Costa Rica: estudio de caso de La Fortuna y Monteverde en el periódo 1980-2010 /

Shranjeno v:
Bibliografske podrobnosti
Glavni avtor: Luis Vargas Montoya
Drugi avtorji: Sandoval Alvarado, Catalina, Piedra, Luis
Format: Texto
Oznake: Označite
Brez oznak, prvi označite!

MARC

LEADER 00000 a a2200000 04500
001 47135
003
040
100 |a Luis Vargas Montoya  
245 |a Distritos industriales turísticos en Costa Rica:   |b estudio de caso de La Fortuna y Monteverde en el periódo 1980-2010 /  |c Luis Vargas Montoya, Catalina Sandoval Alvarado, Luis Piedra  
700 |a Sandoval Alvarado, Catalina 
700 |a Piedra, Luis 
773 |a volumen31, número1, (2013), páginas 227-244 : tablas, mapas  
999 |c 28259  |d 28259